Most Visited Cities in the World - Statistics

General Stats
  • This quiz has been taken 75 times
  • The average score is 71 of 100
Answers on the Map
Answers color-coded by a green-red scale on the quiz's map according to % correct below.
 
Answer Stats
Answer % Correct
New York City
97%
Barcelona
96%
London
96%
Mexico City
96%
Paris
96%
Rome
96%
Madrid
94%
Tokyo
94%
Berlin
93%
Los Angeles
93%
Sydney
93%
Toronto
93%
Amsterdam
91%
Athens
91%
Beijing
91%
Miami
91%
Moscow
91%
San Francisco
91%
Cairo
90%
Delhi
90%
Dubai
90%
Dublin
90%
Lima
90%
Istanbul
89%
Lisbon
89%
Milan
89%
Rio de Janeiro
89%
Vienna
89%
Las Vegas
87%
Mumbai
87%
Seoul
87%
St. Petersburg
87%
Warsaw
87%
Buenos Aires
86%
Washington D.C.
86%
Bangkok
84%
Brussels
84%
Copenhagen
84%
Melbourne
84%
Orlando
84%
Prague
84%
Budapest
83%
Frankfurt
83%
Jakarta
83%
Jerusalem
83%
Munich
83%
Stockholm
83%
Honolulu
81%
Shanghai
81%
Singapore
81%
Vancouver
81%
Venice
81%
Auckland
79%
Doha
79%
Hong Kong
79%
Osaka
79%
Florence
77%
Ho Chi Minh City
77%
Johannesburg
77%
Kraków
77%
Cancún
76%
Nice
76%
Taipei
76%
Kuala Lumpur
73%
Riyadh
73%
Abu Dhabi
71%
Mecca
71%
Hanoi
70%
Tel Aviv
70%
Kolkata
69%
Denpasar
67%
Kyoto
64%
Colombo
63%
Marrakesh
61%
Phuket
61%
Macau
59%
Chennai
57%
Antalya
53%
Shenzhen
53%
Phnom Penh
50%
Agra
47%
Bali
47%
Heraklion
47%
Dammam
41%
Jaipur
40%
Chiang Mai
37%
Rhodes
36%
Jeju
34%
Punta Cana
33%
Pattaya
30%
Johor Bahru
26%
Krong Siem Reap
24%
Taichung
24%
Penang Island
23%
Edirne
21%
Chiba
17%
Ha Long
17%
Zhuhai
13%
Guilin
9%
Artvin
7%
No matching quizzes found
Score Distribution
Percent of People with Each Score
Percentile by Number Answered
Your Score History
You have not taken this quiz